| 000 | 00966cam a22002891a 4500 | ||
|---|---|---|---|
| 999 |
_c330333 _d330333 |
||
| 001 | 7456777 | ||
| 003 | NUST | ||
| 005 | 20170621102000.0 | ||
| 008 | 730111s1956 nyua 001 0 eng | ||
| 010 | _a 55011569 | ||
| 015 | _aGB56-14503 | ||
| 035 | _a(OCoLC)535997 | ||
| 040 |
_aDLC _cODaWU _dUkGUS _dUk _dDLC |
||
| 042 | _apremarc | ||
| 050 | 0 | 0 |
_aQA497 _b.S5 |
| 082 | _a620 SHO | ||
| 100 | 1 |
_aShupe, Hollie W. _92981 |
|
| 245 | 1 | 2 |
_aA manual of engineering geometry and graphics for students and draftsmen / _cHollie W. Shupe, Paul E. Machovina. |
| 260 |
_aNew York : _bMcGraw-Hill, _c1956. |
||
| 300 |
_avii, 347 p. : _bill. ; _c25 cm. |
||
| 490 | 0 | _aThe Engineering drawing series | |
| 500 | _aH.B | ||
| 650 | 0 |
_aGeometrical drawing. _92982 |
|
| 650 | 0 |
_aGraphic methods. _92983 |
|
| 700 | 1 |
_aMachovina, Paul E. _92984 |
|
| 740 | 0 | _aEngineering geometry and graphics. | |
| 906 |
_a7 _bcbc _coclcrpl _du _encip _f19 _gy-gencatlg |
||
| 942 |
_2ddc _cBK _kIESE |
||